| 000 | 00422pab a2200145 454500 | ||
|---|---|---|---|
| 008 | 180718b1996 xxu||||| |||| 00| 0 eng d | ||
| 100 | _aBudhwar, Pawan S. | ||
| 245 | _aHuman resource management in six manufacturing industries: an empirical study | ||
| 260 | _c1996 | ||
| 300 | _ap.37-54 | ||
| 362 | _aOct-Dec | ||
| 650 | _aPersonnel management | ||
| 773 | _aIndian Journal of Training and Development | ||
| 909 | _a33985 | ||
| 999 |
_c33985 _d33985 |
||